Moneda dura : Gabriela Mistral por ella misma /

Compilación de un conjunto de entrevistas concedidas por la escritora chilena Gabriela Mistral en diversos medios en distintos momentos de su vida; se encuentran ordenadas a modo de diccionario, y cada entrada da a conocer una diferente faceta de la escritora.

Zapisane w:
Opis bibliograficzny
1. autor: García Huidobro, Cecilia (autor)
Format: Książka
Język:hiszpański
Wydane: Santiago, Chile : Catalonia, 2005, c2005
Hasła przedmiotowe:
Etykiety: Dodaj etykietę
Nie ma etykietki, Dołącz pierwszą etykiete!

MARC

LEADER 00000nam^a2200000^a^4500
001 000185864
005 20250521000000.0
009 20260310102205.687
020 |a 956-8303-28-6 
037 |a Acervo ITESO - Biblioteca 
041 |a ESP 
082 |a 860. 983064  |b GAR 
100 |a García Huidobro, Cecilia  |e (autor) 
245 1 0 |a Moneda dura :  |b Gabriela Mistral por ella misma /  |c C. García Huidobro. 
264 4 |a Santiago, Chile :  |b Catalonia,  |c 2005, c2005 
300 |a 302 p. 
336 |a texto  |b txt  |2 rdacontenido 
337 |a sin mediación  |b n  |2 rdamedio 
338 |a volumen  |b nc  |2 rdasoporte 
520 |a Compilación de un conjunto de entrevistas concedidas por la escritora chilena Gabriela Mistral en diversos medios en distintos momentos de su vida; se encuentran ordenadas a modo de diccionario, y cada entrada da a conocer una diferente faceta de la escritora. 
586 |a Premio Nobel de Literatura 1945: Entrevistas 
649 |a XX 
650 |a Escritores Chilenos -  |x Entrevistas 
650 |a Mujeres Chilenas -  |x Entrevistas 
650 |a Literatura de Mujeres -  |z Chile -  |x Historia y Crítica 
650 |a Literatura Chilena -  |x Historia y Crítica 
650 |a Literatura Chilena -  |y Siglo XX 
650 |a Mistral, Gabriela -  |x Tema Principal 
910 |a Fondo General 
920 |a Impresos - Libros 
930 |a Colección General 
940 |a Literatura 
905 |a 101 
901 |a 0500127055  |b IT1  |c LIT  |u 20250521 
902 |a https://opac.biblio.iteso.mx/vufind/Record/000185864